Statistics for Africa Flags Map Quiz

Click here to take the quiz!

General Stats

  • This quiz has been taken 13,676 times
  • The average score is 33 of 54

Answers on the Map

Answers color-coded by a green-red scale on the quiz's map according to % correct below.
 

Answer Stats

Answer% Correct
88%
86%
84%
83%
83%
77%
77%
75%
73%
72%
71%
71%
71%
71%
68%
68%
68%
68%
68%
67%
66%
66%
66%
65%
63%
63%
63%
63%
62%
62%
62%
59%
59%
59%
58%
56%
55%
54%
53%
51%
49%
49%
48%
48%
48%
47%
46%
46%
44%
43%
42%
40%
37%
32%

Score Distribution

Percentile by Number Answered

Percent of People with Each Score

Your Score History

You have not taken this quiz